Exam essentials practice test 2 IELTS / (Record no. 362318)
[ view plain ]
| 000 -LEADER | |
|---|---|
| fixed length control field | 00477nam a2200145Ia 4500 |
| 008 - FIXED-LENGTH DATA ELEMENTS--GENERAL INFORMATION | |
| fixed length control field | 191023s9999 xx 000 0 und d |
| 020 ## - INTERNATIONAL STANDARD BOOK NUMBER | |
| International Standard Book Number | 9781285747262 |
| 100 ## - MAIN ENTRY--PERSONAL NAME | |
| Personal name | Gough, Chris. |
| 245 ## - TITLE STATEMENT | |
| Statement of responsibility, etc | Chris Gough, Susan Hutchison.-- |
| Title | Exam essentials practice test 2 IELTS / |
| 260 ## - PUBLICATION, DISTRIBUTION, ETC. (IMPRINT) | |
| Place of publication, distribution, etc | USA : |
| Name of publisher, distributor, etc | National Geographic Learning |
| Date of publication, distribution, etc | 2015 |
| 300 ## - PHYSICAL DESCRIPTION | |
| Extent | 216 pages. |
| 500 ## - GENERAL NOTE | |
| General note | with CD accompaniment |
| 650 ## - SUBJECT ADDED ENTRY--TOPICAL TERM | |
| Topical term or geographic name as entry element | English language |
| 650 ## - SUBJECT ADDED ENTRY--TOPICAL TERM | |
| Topical term or geographic name as entry element | International English Language Testing System |
| Withdrawn status | Lost status | Damaged status | Home library | Current library | Shelving location | Date acquired | Source of acquisition | Total Checkouts | Full call number | Barcode | Date last seen | Price effective from | Koha item type |
|---|---|---|---|---|---|---|---|---|---|---|---|---|---|
| College Library | College Library | Reserve Section | 10/23/2019 | Library Fund | PE 1128 .G692 2015 | C21906 | 10/23/2019 | 10/23/2019 | Books |